Lokálna tržnica - Zóna Rožňavská / Vajnorská
Na minha lista:
| Autor principal: | |
|---|---|
| Outros Autores: | |
| Formato: | Manuscrito Livro |
| Idioma: | eslovaco |
| Publicado em: |
Bratislava
2018
|
| Assuntos: | |
| Acesso em linha: | http://is.stuba.sk/zp/portal_zp.pl?podrobnosti=136893 |
| Tags: |
Sem tags, seja o primeiro a adicionar uma tag!
|
MARC
| LEADER | 00000ntm a22000003a 4500 | ||
|---|---|---|---|
| 001 | stuzp68719 | ||
| 003 | SK-STU | ||
| 005 | 20210112133829.9 | ||
| 007 | ta | ||
| 008 | 150427s2015----xo-----f-mn---000-0-slo-d | ||
| 040 | |a STU |b slo | ||
| 041 | 0 | |a slo | |
| 100 | 1 | |a Machajová, Kristína |u 058180 |4 aut |U FAD Fakulta architektúry |T FA Ústav architektúry občianskych budov |X 70022 |U A8180 |Y 399 |7 70022 | |
| 242 | 0 | 1 | |a Local Marketplace - Rožňavská / Vajnorská |y eng |
| 245 | 1 | 0 | |a Lokálna tržnica - Zóna Rožňavská / Vajnorská |
| 260 | |c 2018 |a Bratislava | ||
| 650 | 4 | |a tržnica |2 slo | |
| 650 | 4 | |a verejný priestor |2 slo | |
| 650 | 4 | |a industriál |2 slo | |
| 650 | 4 | |a marketplace |2 eng | |
| 650 | 4 | |a public space |2 eng | |
| 650 | 4 | |a industrial |2 eng | |
| 700 | 1 | |a Polakovič, Štefan |u 058180 |k Z2 |4 ths |U FAD Fakulta architektúry |T FA Ústav architektúry občianskych budov |X 70902 |U A8180 |Y 399 |7 A000070902 | |
| 856 | 4 | |u http://is.stuba.sk/zp/portal_zp.pl?podrobnosti=136893 |u https://opac.crzp.sk/?fn=detailBiblioForm&sid=EEE57057A47611A7EC79C14E9AC3 | |